000 00495 a2200133 4500
001 ART_41849
005 20260410162024.0
008 260409a
245 1 0 _aAnticipación y postergación de los nacimientos en la transición de fecundidad en el Brasil
100 1 _aGonçalves Rios-Neto, Eduardo Luiz
700 1 _aMiranda-Ribeiro, Adriana de
700 1 _aGarcía, Ricardo Alexandrino
773 0 _tNotas de población
_g- Año XLIII, Nº 103 (jul./dic. 2016)
_wREV41841
999 _c33355
_d33355